| 000 | 00388nam a2200145Ia 4500 | ||
|---|---|---|---|
| 005 | 20240807062226.0 | ||
| 008 | 240806s9999||||xx |||||||||||||| ||eng|| | ||
| 041 | _aeng | ||
| 100 | _aChaturvedi Jagadeesh , Singh Sudha | ||
| 245 | 0 |
_aStri asmita / _cChaturvedi Jagadeesh , Singh Sudha |
|
| 260 | _bAnand Perakashan Kaolakata | ||
| 300 | _a486 | ||
| 650 | _aGeneral Studies | ||
| 942 | _cBK | ||
| 999 |
_c12359 _d12359 |
||